ბათუმის შოთა რუსთაველის სახელმწიფო უნივერსიტეტის ბიბლიოთეკა

ბედი ქართლისა = Судьба Грузии : (ბიბ.ჩანაწერი № 59179)

000 -ლიდერი
ფიქსირებული სიგრძის საკონტროლო ველი 01151nam a22002057a 4500
003 - საკონტროლო ნომრის იდენტიფიკატორი
საკონტროლო ველი Ge_BSU
005 - ბოლო ოპერაციის თარიღი და დრო
საკონტროლო ველი 20221202111225.0
008 - ფიქსირებული სიგრძის მონაცემთა ელემენტები - ზოგადი ინფორმაცია
ფიქსირებული სიგრძის საკონტროლო ველი 221202s1983ge xxu||||| |||| 00| 0 geo d
041 ## - ენის კოდი
Language code of text/sound track or separate title geo
080 ## - უნივერსალური ათობითი კლასიფიკაციის ინდექსი
Universal Decimal Classification number 821.353.1-11 ბ-25
100 ## - მთავარი ჩანაწერი - პიროვნების სახელი
Personal name ბარათაშვილი, ნიკოლოზ, 1817-1845, ავტორი.
9 (RLIN) 16306
245 ## - ცნობა სათაურის შესახებ
Title ბედი ქართლისა = Судьба Грузии :
Remainder of title [პოემა] /
Statement of responsibility, etc ნიკოლოზ ბარათაშვილი ; შემდგ. და მხატვრ. გაფორმების ავტ.: გ. გორდელაძე].
264 ## - წარმოების, გამოცემის, დისტრიბუციის და სხვა ცნობები
გამოცემის, წარმოების, დისტრიბუციის... ადგილი თბილისი :
გამოცემის, წარმოების, დისტრიბუციის... სახელწოდება ხელოვნება,
გამოცემის, წარმოების, დისტრიბუციის... თარიღი 1983.
300 ## - ფიზიკური აღწერა
Extent 32 გვ. :
Other physical details პორტრ, 7 ფ. ილ.
Dimensions 26 სმ.
520 ## - SUMMARY, ETC.
Summary, etc პარალ. თავფურც. და ტექსტი რუს. ენაზე.
653 ## - INDEX TERM--UNCONTROLLED
Uncontrolled term ბედი ქართლისა
653 ## - INDEX TERM--UNCONTROLLED
Uncontrolled term პოემა
700 ## - ADDED ENTRY--PERSONAL NAME
Personal name გორდელაძე, გ
Relator term შემდგენელი და მხატვარ.გაფორმების ავტორი
9 (RLIN) 7668
942 ## - ADDED ENTRY ELEMENTS (KOHA)
Source of classification or shelving scheme
Koha item type წიგნი
ეგზემპლარები
ჩამოწერის სტატუსი დაკარგული ეგზემპლარის სტატუსი კლასიფიკაციის წყარო ან თაროზე გაწყობის სქემა დაზიანების სტატუსი არ გაიცემა მუდმივი მდებარეობა (დაცვის ადგილი) ამჟამინდელი ადგილსამყოფელი თაროზე განთავსების ადგილი შეძენის თარიღი ღირებულება, შესყიდვის ნორმალური ფასი სრული შენახვის შიფრი შტრიხკოდი ბოლო ოპერაციის თარიღი ეგზემპლარის მიმდევრობითი ნომერი (კეტერი?) ფასის ძალაში შესვლის თარიღი ეგზემპლარის სახეობა საჯარო შენიშვნა
          ბათუმის შოთა რუსთაველის სახელმწიფო უნივერსიტეტის მთავარი ბიბლიოთეკა ბათუმის შოთა რუსთაველის სახელმწიფო უნივერსიტეტის მთავარი ბიბლიოთეკა წიგნსაცავი 2022-12-02 6.00 821.353.1-11 ბ-25 63261 2022-12-02 63261 2022-12-02 წიგნი 6.00